| 000 | 00694nam a22001577a 4500 | ||
|---|---|---|---|
| 008 | 160507b xxu||||| |||| 00| 0 eng d | ||
| 082 |
_22012 _aUT 0393 _bAl13 |
||
| 100 |
_97835 _aAlbarracin, Marjorie B. |
||
| 245 |
_aScientific teaching approaches of biology teachers and scientific reasoning skills of selected 2nd year students in biology students in Biology in DiCNHS/ _cMarjorie B. Albarracin, Aengel E. Florentino and Warren P.Palmero. |
||
| 260 |
_aDigos city: _bUMDC _cNovember 2012 |
||
| 300 |
_a47 pages; _c29 cm. |
||
| 650 | 0 |
_97834 _aEducation _vBiological Science _xUndergraduate thesis. |
|
| 700 |
_97832 _aFlorentino, Aengel E. |
||
| 700 |
_97833 _aPalmero, Warren P. |
||
| 942 |
_2ddc _cUT |
||
| 999 |
_c2386 _d2386 |
||